500 Most streamed musicians (Feb 2026) - Statistics

General Stats
  • This quiz has been taken 80 times
  • The average score is 135 of 500
Answer Stats
Hint Answer % Correct
she said Plan B
97%
Tu Vas Sin Rels B
97%
Rincon Milo j
96%
Mientras duermes Junior H
88%
Si Antes Te Hubiera Conocido Karol G
88%
Arranca Becky G
87%
por sus besos Tito Double P
87%
Die With A Smile Bruno Mars
84%
I kissed a girl Katy Perry
84%
Shake it off Taylor Swift
84%
Moves Like Jagger | This Love Maroon 5
82%
Billie Jean Michael Jackson
82%
Die with a smile Lady Gaga
81%
Bohemian Rapsody Queen
81%
NUEVAYoL Bad Bunny
79%
Hips Don't lie Shakira
79%
Hello Adele
78%
Levitating Dua Lipa
78%
Transportin' Kodak Black
78%
Crazy in Love Beyonce
76%
Let it go James Bay
76%
Chandelier Sia
76%
In da Club 50 Cent
75%
highway to hell AC/DC
75%
I'm still standing Elton John
75%
Oops!...I did it again Britney Spears
74%
Lose Yourself Eminem
72%
Love Yourself Justin Bieber
72%
So What P!nk
72%
Dancing Queen ABBA
71%
7 rings Ariana Grande
71%
All I want for christmas Mariah Carey
71%
Flowers Miley Cyrus
71%
Starships Nicki Minaj
71%
What Makes you beautiful One Direction
71%
Blinding Lights The Weeknd
71%
one dance Drake
69%
Watermelon sugar Harry Styles
69%
Smells like teen spirit Nirvana
69%
drivers license Olivia Rodrigo
69%
stay high Tove Lo
69%
yellow Coldplay
68%
I wanna dance with somebody WHitney Houston
68%
Gold digger Kanye West
66%
Tik TOk Kesha
66%
Every breath you take The Police
66%
ocean eyes Billie Eilish
65%
Thunder Imagine Dragons
65%
livin on a prayer Bon Jovi
63%
Say So Doja Cat
63%
Sweet child O'Mine Guns N' Roses
63%
99 problems JAY-Z
63%
King Kunta Kendrick Lamar
63%
Old Town Road Lil Nas X
63%
Like A vrigin Madonna
63%
I gotta feeling Black Eyed Peas
62%
Havana Camila Cabello
62%
I See Fire Ed Sheeran
62%
Jailhouse Rock Elvis Presley
62%
American Idiot Green Day
62%
Take me to church Hozier
62%
Don't stop the music Rihanna
62%
Sicko Mode Travis Scott
62%
rehab Amy Winehouse
60%
my heart will go on Celine DIon
60%
hotel california Eagles
60%
tubarao te amo mc ryan sp
60%
Stay with me Sam Smith
60%
WAP Cardi B
59%
Creep Radiohead
59%
Somebody Else The 1975
59%
Eleanor Rigby The Beatles
59%
don't stop believin' journey
56%
What You Saying Sabrina Carpenter
56%
There's nothing holdin' me back Shawn Mendes
56%
Paint it, Black The Rolling Stones
56%
Wake me up Avicii
54%
Royals Lorde
54%
Nothing Else Matters Metallica
54%
Love You Like A Love Song Selena Gomez
54%
mr brightside The Killers
54%
Dream on Aerosmith
53%
sk8er boi Avril Lavigne
53%
Dynamite BTS
53%
pink pony club Chappel ROan
53%
Save Me Jelly Roll
53%
On the floor Jennifer Lopez
53%
all about that bass Meghan Trainor
53%
Californication Red Hot Chili Peppers
53%
All Eyez on Me 2pac
51%
I want it that way Backstreet Boys
51%
stayin alive Bee Gees
51%
Beautiful Things Benson Boone
51%
Born in the USA Bruce Springsteen
51%
What goes around Justin Timberlake
51%
Can't hold us Macklemore & Ryan Lewis
51%
Happy Pharell Williams
51%
zombie The Cranberries
51%
hey soul sister train
51%
Summer of '69 bryan adams
50%
Titanium David Guetta
50%
Lucid Dreams Juice WRLD
50%
despacito Luis Fonsi
50%
Another Brick in the wall Pt.II Pink Floyd
50%
Hotel Room Service Pitbull
50%
Circles Post Malone
50%
drop it like its hot Snoop Dogg
50%
Stressed Out Twenty One Pilots
50%
With or without you U2
50%
The Chain Fleetwood Mac
49%
Since u been gone Kelly Clarkson
49%
In the end Linkin Park
49%
All The Stars SZA
49%
Do I wanna know? Arctic Monkeys
47%
My Way Frank Sinatra
47%
All of me John Legend
47%
stairway to heaven Led Zeppelin
47%
ms. Jackson outkast
47%
Three little birds Bob Marley
46%
ohne mein Team bonez MC
46%
We dont talk anymore Charlie Puth
46%
One more time Daft Punk
46%
Price Tag Jessie J
46%
Thrift Shop Macklemore
46%
SAD! XXXTENTACION
46%
Gasolina Daddy Yankee
44%
Feel Good Inc Gorillaz
44%
Without Me Halsey
44%
carol of the bells (from Home alone) John Williams
44%
Sports car Tate McRae
44%
DJ Got us fallin in love Usher
44%
Pillowtalk ZAYN
44%
Sultans of swing Dire STraits
41%
All i do is win DJ Khaled
41%
Sex on fire Kings of leon
41%
welcome to the black parade My Chemical Romance
41%
dont look back in anger Oasis
41%
closer The Chainsmokers
41%
See you again Wiz Khalifa
41%
Sweet but psycho Ava Max
40%
pompeii Bastille
40%
The next episode Dr. Dre
40%
Mask Off Future
40%
8TEEN Khalid
40%
Video Games Lana Del Rey
40%
Blowin'in the wind Bob Dylan
38%
dancing on my own Calum Scott
38%
Feel So Close Calvin Harris
38%
Mi Gente J Balvin
38%
I heard it through the grapevine Marvin Gaye
38%
So Sick Ne-Yo
38%
In the air tonight Phil Collins
38%
hypnotize The Notorious B.I.G.
38%
JUMP BLACKPINK
37%
heroes David Bowie
37%
Personal jesus Depeche Mode
37%
wake up in the sky Gucci Mane
37%
Happier Marshmello
37%
Fallin Alicia Keys
35%
Vienna Billy Joel
35%
Beautiful Christina Aguilera
35%
HEart Attack Demi Lovato
35%
Right ROund Flo Rida
35%
where is my husband! RAYE
35%
STAY The Kid LAROI
35%
all the small things blink-182
34%
Forever Chris Brown
34%
Thrift shop Ryan Lewis
34%
friday im in love the cure
34%
Ho Hey The Lumineers
34%
heat waves Glass Animals
32%
XO tour lif3 Lil Uzi Vert
32%
beggin Maneskin
32%
Girls in the hood Megan THee Stallion
32%
how you remind me Nickelback
32%
Even Flow Pearl Jam
32%
the box Roddy Ricch
32%
isnt she lovely Stevie Wonder
32%
Sweater Weather The Neighbourhood
32%
Riptide Vance Joy
32%
midnight sun Zara Larsson
32%
Faded Alan Walker
31%
Shorty party Cartel de Santa
31%
have you ever seen the rain Creedence Clearwater Revival
31%
How do I say Goodbye Dean Lewis
31%
Turn Down for what DJ Snake
31%
Hero Enrique Iglesias
31%
Whatcha Say Jason Derulo
31%
Before you go Lewis Capaldi
31%
lose control Teddy swims
31%
Scars to your beautiful Alessia Cara
29%
Pop dat thang DaBaby
29%
thnks fr th mmrs Fall Out Boy
29%
Pink + White Frank Ocean
29%
Mirror Lil Wayne
29%
amar nao e pecado luan santana
29%
Good Life OneRepublic
29%
Youngblood 5 Seconds of Summer
28%
2002 Anne-Marie
28%
Wet Dreamz J. Cole
28%
be like that kane brown
28%
Freak on a Leash Korn
28%
Band4Band Lil Baby
28%
Black Magic Little Mix
28%
little lion man Mumford & Sons
28%
temperature Sean Paul
28%
Teenage Dirtbag Weezer
28%
Meant to be Bebe Rexha
26%
Lights Ellie Goulding
26%
the pretender Foo Fighters
26%
kiss tomorrow goodbye Luke BRyan
26%
Fast Car Luke Combs
26%
What I want Morgan Wallen
26%
just a dream nelly
26%
Du hasst Rammstein
26%
Chop Suey! System of a Down
26%
another love Tom Odell
26%
See you again Tyler, The Creator
26%
Pink Skies Zach Bryan
26%
Redbone Childish Gambino
25%
trap queen Fetty Wap
25%
Dog days are over Florence + The Machine
25%
Budapest george ezra
25%
like jennie jennie
25%
Lean on Major Lazer
25%
Stick Season Noah Kahan
25%
Death of a Bachelor Panic! At The Disco
25%
Still into you Paramore
25%
don't you worry child swedish house mafia
25%
work from home Fifth Harmony
24%
banana pancakes Jack Johnson
24%
I'm yours Jason Mraz
24%
Lonely road Machine Gun Kelly
24%
Its beginning to look a lot like christmas Michael Buble
24%
i love it Charli XCX
22%
Down with the sickness Disturbed
22%
The spins Mac Miller
22%
This town Niall Horan
22%
Hell N Back Summer Walker
22%
MALA Anuel AA
21%
ain't no rest for the wicked Cage the elephant
21%
Nothings gonna hurt you baby Cigarettes After Sex
21%
Alexander Hamilton lin-manuel miranda
21%
EVIL JORDAN Playboi Carti
21%
Bad Habit Steve Lacy
21%
The Less I know the better Tame Impala
21%
How soon is now The Smiths
21%
Tennessee Whiskey Chris Stapleton
19%
juice lizzo
19%
uprising Muse
19%
all good things (come to an end) nelly furtado
19%
El Perdon Nicky Jam
19%
The kids arent alright THe offspring
19%
a lot 21 Savage
18%
Punk ROcky A$AP Rocky
18%
eastside benny blanco
18%
Change (In the house of flies) Deftones
18%
Dueles Jesse & Joy
18%
Hurt Johhny Cash
18%
1-800-273-8255 Logic
18%
Animals Martin Garrix
18%
Walk it talk it Migos
18%
Let you down NF
18%
la perla ROSALIA
18%
lonely Akon
16%
let me down slowly alec benjamin
16%
rather be Clean Bandit
16%
Cruise Florida Georgia Line
16%
Him & I G-Eazy
16%
best part H.E.R.
16%
Ill be there Jess Glynne
16%
the night we met lord huron
16%
Bangarang Skrillex
16%
Doja Central Cee
15%
vodka cranberry Conan Gray
15%
romantic homicide d4vd
15%
E85 Don Toliver
15%
on one tonight Gunna
15%
Glimpse of us Joji
15%
edge of desire Jonas Blue
15%
dark thoughts Lil Tecca
15%
bang bang bang Mark Ronson
15%
my love mine all mine Mitski
15%
Taste Tyga
15%
The Middle Zedd
15%
hot girl bummer blackbear
13%
last last Burna Boy
13%
volare Danny Ocean
13%
Danza Kuduro Don Omar
13%
stay Gracie Abrams
13%
Hello Miss Johnson Jack Harlow
13%
Only Human Jonas Brothers
13%
standing next to you Jung Kook
13%
muevelo Kali Uchis
13%
Hawai Maluma
13%
Am I Dreaming Metro Boomin
13%
duality Slipknot
13%
Die a Happy Man Thomas Rhett
13%
Insomnia Tiesto
13%
Wish Trippie Redd
13%
Digits Young Thug
13%
Burn the house down AJR
12%
I dont fuck with you Big Sean
12%
Impossible James Arthur
12%
Last train hime John Mayer
12%
2 phones Kevin Gates
12%
Dreams and nightmares Meek Mill
12%
Soap Melanie Martinez
12%
Se Preparo Ozuna
12%
Ella Baila Sola Peso Pluma
12%
Black Beatles Rae Sremmurd
12%
Tu con el Rauw Alejandro
12%
the adults are talking The Strokes
12%
hail to the king Avenged Sevenfold
10%
bags Clairo
10%
sit still, look pretty Daya
10%
Latch Disclosure
10%
3 Nights Dominic Fike
10%
Stole the Show Kygo
10%
Star Shoppin Lil Peep
10%
Behind blue eyes limp bizkit
10%
Ahora Te Puedes Marchar Luis Miguel
10%
my kind of woman Mac DeMarco
10%
What you know bout love Pop Smoke
10%
let you love me Rita Ora
10%
chk chk boom Stray Kids
10%
murder on my mind ynw melly
10%
Apna Bana Le/Sapphire Arijit Singh
9%
family ties Baby Keem
9%
Disconnect Becky Hill
9%
can you feel my heart Bring Me The Horizon
9%
Pepas Farruko
9%
Se lo juro mor Feid
9%
Capital letters hailee steinfeld
9%
La bachata Manuel Turizo
9%
Super shy NewJeans
9%
Martin & Gina Polo G
9%
I hate everything about you Three Days Grace
9%
Cigarettes out the window TV girl
9%
Strategy TWICE
9%
Look Back at it A Boogie Wit da Hoodie
7%
right my wrongs Bryson Tiller
7%
Holy chance the rapper
7%
meddle about Chase Atlantic
7%
Raindance Dave
7%
Om my mind Diplo
7%
Never be like you Flume
7%
Cornfield Chase (Interstellar) Hans Zimmer
7%
She's country Jason Aldean
7%
asi fue juan gabriel
7%
drive ME crazy! lil yachty
7%
Adorn Miguel
7%
aurora Mora
7%
La falda Myke Towers
7%
Sugar Robin Schulz
7%
The Color Violet Tory Lanez
7%
dont kill the party Ty Dolla $ign
7%
Envolver Anitta
6%
la jumpa Arcangel
6%
obsesion Aventura
6%
no soy eterno Bizarrap
6%
Trust Brent Faiyaz
6%
Lado Fragil Carin Leon
6%
una noche en medellin Cris Mj
6%
Superpowers Daniel Caesar
6%
Wrong side of heaven Five Finger Death Punch
6%
Me jalo Fuerza Regida
6%
un x100to Grupo Frontera
6%
Don't tell'em Jeremih
6%
DAKITI Jhayco
6%
lover girl laufey
6%
steal the show Lauv
6%
Ahhh ha Lil Durk
6%
F.N Lil Tjay
6%
oye mi amor Mana
6%
Die trying PARTYNEXTDOOR
6%
Kabira Pritam
6%
Columbia Quevedo
6%
Dardos Romeo Santos
6%
Otro Trago Sech
6%
If you could see me now The Script
6%
Make No Sense YoungBoy Never Broke Again
6%
corazon partio Alejandro Sanz
4%
Tere Bina A.R. Rahman
4%
mine Bazzi
4%
Vida de rico Camilo
4%
Givenchy Duki
4%
Cheerleader Felix Jaehn
4%
Ever since u left me (I went deaf) French Montana
4%
peanut butter jelly galantis
4%
J'me tire GIMS
4%
balada Gusttavo Lima
4%
Liberdade Provisoria Henrique & Juliano
4%
Standing next to you Jimin
4%
secreto de amor Joan Sebastian
4%
la camisa negra juanes
4%
folded Kehlani
4%
Where are you now Lost Frequencies
4%
el amor de mi vida Maria Becerra
4%
Se Grita Morad
4%
Besos en Guerra Morat
4%
Perlas Negras Natanael Cano
4%
jefe Ninho
4%
camelot NLE CHoppa
4%
Clout Offset
4%
adan y eva Paulo Londra
4%
Heart on ice Rod Wave
4%
Tacones Rojos Sebastian Yatra
4%
Callaita Tainy
4%
got me started Troye Sivan
4%
Otra Vez Zion & Lennox
4%
Matalas Alejandro Fernandez
3%
hear me now Alok
3%
23 Theme Anirudh Ravichander
3%
frente al mar Beele
3%
medallo Blessd
3%
esclava bryant myers
3%
Probablemente Christian Nodal
3%
coco chanel Eladio Carrion
3%
knife enhypen
3%
ella baila sola Eslabon Armado
3%
el amor de su vida Grupo Firme
3%
Cantada Boba Jorge & Mateus
3%
Rey sin reina Julion Alvarez y su Norteno Banda
3%
beneath your beautiful Labrinth
3%
si no quieres no Luis R Conriquez
3%
vivir mi vida Marc Anthony
3%
Supera Marilia Mendonca
3%
que sorte a nossa Matheus & Kauan
3%
Criminal Natti Natasha
3%
lemonade NAV
3%
parte de mi nicki nicole
3%
lowkey NIKI
3%
Solamente tu Pablo Alboran
3%
corazon sin cara Prince Royce
3%
ohne mein team RAF camora
3%
yo quisiera Reik
3%
3:15 Russ
3%
Apna bana le Sachin-Jigar
3%
super SEVENTEEN
3%
thoda thoda shreya ghoshal
3%
Awake and Alive Skillet
3%
Dance crip Trueno
3%
Feathered Indians Tyler Childers
3%
Bloodsweat $uicideboy$
3%
estos celos Vicente Fernandez
3%
o saki saki Vishal-Shekhar
3%
Rakata Wisin & Yandel
3%
If we being real Yeat
3%
barulho do foguete Ze Neto & Cristiano
3%
prblms 6LACK
1%
Destiny Alesso
1%
El paciente Alfredo Olivas
1%
Olha onde eu to Ana Castela
1%
Put me Thru Anderson .Paak
1%
This is what it feels like armin van buuren
1%
Que Maldicion Banda MS de Sergio Lizarraga
1%
si te pudiera mentir Calibre 50
1%
Pa mi Dalex
1%
4K El Alfa
1%
Perlas Negras Gabito Ballesteros
1%
El mayor de los ranas grupo marca registrada
1%
p do pecado Grupo Menos e Mais
1%
la curiosidad Jay WHeeler
1%
stay ready (what a life) Jhene Aiko
1%
el triste jose jose
1%
Loco Justin Quiles
1%
for a reason Karan Aujla
1%
Loca KHEA
1%
ilysb Lany
1%
tu feo Lenny Tavarez
1%
como te voy a olvidar Los Angeles Azules
1%
tu ultima cancion los temerarios
1%
la granja los tigres del norte
1%
Bamba Luciano
1%
Medo bobo Maiara & Maraisa
1%
mas que tu amigo Marco Antonio Solis
1%
Bad Memories MEDUZA
1%
Loco Neton Vega
1%
Tu Boda Oscar Maydon
1%
La plena Ovy on the drums
1%
te vi Piso 21
1%
All around the world (la la la) r3hab
1%
el problema Ricardo Arjona
1%
La villa Ryan Castro
1%
neon Sfera Ebbasta
1%
295 Sidhu Moose Wala
1%
en la ciudad de la furia soda stereo
1%
Saiyaara Tanishk Bagchi
1%
Piel Tiago PZK
1%
mienteme TINI
1%
love language Tomorrow x together
1%
Seis Cordas Wesley Safadao
1%
Nunca me olvides Yandel
1%
Gooba 6is9ine
0%
With you AP Dhillon
0%
Day'n'nite Kid Cui
0%
ya es muy tarde La Arrolladora Banda El Limon De Rene Camacho
0%
Best friend REx orange country
0%
No matching quizzes found
Score Distribution
Percent of People with Each Score
Percentile by Number Answered
Your Score History
You have not taken this quiz